000
00304nam a22001337a 4500
008
170816b xxu||||| |||| 00| 0 eng d
020
_a
9780201870121
041
_a
eng
080
_2
4TH
_a
51
100
_a
36
101
_a
MATH
245
_a
PRECALCULUS A GRAPHING APPROACH
_c
DEMANA,F
942
_2
udc
_c
BK
999
_c
23720
_d
23720